[Event "AUTO-OPEN-2013"]
[Site "http://www.queenalice.com/game.php?id=791774"]
[Date "2010.6.18"]
[Round "1"]
[White "Lindomar"]
[Black "kuroii"]
[Result "1-0"]
[WhiteElo "2078"]
[BlackElo "1522"]

1. d4 d5 2. c4 c6 3. Nc3 dxc4 4. a4 Nf6 5. Nf3 Bf5 6. e3 g6 7. Bxc4 Nbd7 8. O-O
Bg7 9. Re1 O-O 10. e4 Bg4 11. e5 Nd5 12. Nxd5 cxd5 13. Bxd5 Qc7 14. a5 Rad8 15.
Qb3 e6 16. Bxb7 Rb8 17. a6 Nb6 18. Bg5 h6 19. Bf6 Bxf6 20. exf6 Bxf3 21. Qxf3
Nc4 22. Rac1 Nd2 23. Qe3 Qa5 24. Qxh6 Nc4 25. Qg7# 1-0

[Event "AUTO-INT-1732"]
[Site "http://www.queenalice.com/game.php?id=792019"]
[Date "2010.6.18"]
[Round "1"]
[White "rafael_100000"]
[Black "kuroii"]
[Result "1-0"]
[WhiteElo "1603"]
[BlackElo "1414"]

1. e4 e5 2. Nf3 Nf6 3. Nxe5 d6 4. Nf3 Nxe4 5. Qe2 Bf5 6. d3 d5 7. dxe4 dxe4 8.
Ng5 Qe7 9. Qb5+ c6 10. Qxf5 f6 11. Ne6 g6 12. Qxe4 f5 13. Nc7+ Kf7 14. Bc4+ Kg7
15. Ne6+ Kf7 16. Nxf8+ Kxf8 17. Qxe7+ Kxe7 18. Bg5+ Kd7 19. O-O b5 20. Rd1+ Kc7
21. Bf6 Re8 22. Bf7 Re4 23. Bd8+ Kb7 24. Nc3 Re5 25. f4 Re3 26. Nd5 1-0

[Event "AUTO-INT-1732"]
[Site "http://www.queenalice.com/game.php?id=792020"]
[Date "2010.6.18"]
[Round "1"]
[White "kuroii"]
[Black "rafael_100000"]
[Result "0-1"]
[WhiteElo "1593"]
[BlackElo "1610"]

1. e4 e5 2. Nf3 d6 3. Nc3 Bg4 4. h3 Bxf3 5. Qxf3 f6 6. Bc4 Nh6 7. g4 g5 8. d3
Be7 9. Nd5 c6 10. Nxe7 Qxe7 11. b3 b5 12. Bd5 cxd5 13. exd5 O-O 14. Qe2 Na6 15.
Bb2 Nb4 16. c4 bxc4 17. dxc4 Rab8 18. a3 Na6 19. b4 Rfc8 20. c5 Nc7 21. c6 Nxd5
22. Qc4 Qe6 23. b5 Nf7 24. Rd1 Nd8 25. a4 Nxc6 26. bxc6 Rxb2 27. O-O Kf8 28.
Rxd5 Rb6 29. Qe4 Rbxc6 30. Ra5 R6c7 31. Rb5 h5 32. gxh5 Qxh3 33. Qh1 Qg4+ 34.
Qg2 Qxh5 35. Rb3 g4 36. Qd5 Rd8 37. Qa5 g3 38. Rxg3 Rdd7 39. Qd5 Ke7 40. Rg7+
Kd8 41. Rg8+ Ke7 42. Qa8 Ke6 43. Rh8 Qg6+ 44. Kh1 Rh7+ 45. Rxh7 Rxh7# 0-1

[Event "AUTO-INT-1732"]
[Site "http://www.queenalice.com/game.php?id=792033"]
[Date "2010.6.18"]
[Round "1"]
[White "jocapeme"]
[Black "kuroii"]
[Result "0-1"]
[WhiteElo "1378"]
[BlackElo "1587"]

1. e4 e5 2. Nf3 Nf6 3. Nc3 Nc6 4. Bc4 h6 5. O-O b6 6. Re1 Bc5 7. Qe2 Nd4 8. Nxd4
Bxd4 9. b3 d6 10. Rb1 Bd7 11. Nd5 Bg4 12. Qd3 Nxd5 13. Bxd5 Qf6 14. Bxa8 O-O 0-1

[Event "AUTO-INT-1732"]
[Site "http://www.queenalice.com/game.php?id=792034"]
[Date "2010.6.18"]
[Round "1"]
[White "kuroii"]
[Black "jocapeme"]
[Result "1-0"]
[WhiteElo "1595"]
[BlackElo "1370"]

1. e4 e5 2. Nf3 Nc6 3. Nc3 Nf6 4. Bc4 Qe7 5. O-O g6 6. d3 Bg7 7. Bg5 h6 8. Bxf6
Bxf6 9. Nd5 Qd6 10. c3 Ne7 11. Nxf6+ Qxf6 12. Qb3 O-O 13. Rad1 d6 14. a4 1-0

[Event "AUTO-OPEN-1995"]
[Site "http://www.queenalice.com/game.php?id=855222"]
[Date "2010.11.5"]
[Round "2"]
[White "Dadcol"]
[Black "kuroii"]
[Result "1-0"]
[WhiteElo "1907"]
[BlackElo "1601"]

1. d4 d5 2. c4 dxc4 3. Nc3 c6 4. e4 e6 5. Bxc4 Nf6 6. Bg5 h6 7. Bh4 g5 8. Bg3
Bg7 9. Nf3 O-O 10. e5 Nd5 11. O-O b5 12. Bb3 b4 13. Nxd5 cxd5 14. Qd3 Ba6 15.
Qd2 Bxf1 16. Rxf1 Qd7 17. Bc2 a5 18. Qd3 f5 19. exf6 Bxf6 20. Ne5 Bxe5 21. Bxe5
Rf5 22. Qh3 g4 23. Qxh6 Qh7 24. Qxe6+ Qf7 25. Bxf5 Qxe6 26. Bxe6+ Kf8 27. Bxd5
1-0

[Event "AUTO-OPEN-1995"]
[Site "http://www.queenalice.com/game.php?id=855223"]
[Date "2010.11.5"]
[Round "2"]
[White "kuroii"]
[Black "Dadcol"]
[Result "0-1"]
[WhiteElo "1605"]
[BlackElo "1903"]

1. e4 e6 2. Nc3 Bb4 3. a3 Bxc3 4. dxc3 c5 5. g3 Nc6 6. Nf3 Nge7 7. Bg2 Ng6 8.
O-O e5 9. Qd6 b6 10. b4 c4 11. Qd5 O-O 12. b5 Nce7 13. Qxa8 Qc7 14. Bg5 Bb7 15.
Qxa7 Ra8 16. Qxa8+ Bxa8 17. a4 Bxe4 18. Ra2 Nd5 19. Bd2 h6 20. Be1 d6 21. Nh4
Bxg2 22. Nxg2 f5 23. Ne3 Nde7 24. Bd2 f4 25. gxf4 Nxf4 0-1

[Event "AUTO-INT-1715"]
[Site "http://www.queenalice.com/game.php?id=866805"]
[Date "2010.12.2"]
[Round "2"]
[White "kuroii"]
[Black "Tal0n"]
[Result "1-0"]
[WhiteElo "1618"]
[BlackElo "1665"]

1. e4 e5 2. Nf3 Nc6 3. Nc3 Nf6 4. Bc4 h6 5. d3 Bc5 6. h3 a6 7. Be3 Bxe3 8. fxe3
b5 9. Bd5 Bb7 10. d4 b4 11. Na4 Na5 12. dxe5 Nxe4 13. Bxb7 Nxb7 14. Qd5 Ng3 15.
O-O-O Nxh1 16. Rxh1 c6 17. Qd4 Qa5 18. b3 O-O-O 19. Nb6+ Kb8 20. Na4 f6 21. exf6
gxf6 22. Qf4+ Qc7 23. Qxf6 Qg3 24. Qf4+ Qxf4 25. exf4 Rdf8 26. g3 Rhg8 27. Ne5
Kc7 28. Rg1 d6 29. Nd3 h5 30. Nxb4 h4 31. Nxa6+ Kd8 32. g4 Rxf4 33. g5 Rf3 34.
g6 Ke7 35. Nb6 Rxh3 36. Nb4 Nd8 37. Nd3 Kf6 38. Nf4 Rg3 39. Nh5+ Kxg6 40. Nxg3
hxg3 41. Rxg3+ Kf7 42. Rd3 Ke6 43. a4 Ke5 44. Nd7+ Kf4 45. Rxd6 Rg1+ 46. Kb2 Kf5
47. Nf8 Ke5 48. Rxd8 Ke4 49. a5 Rg7 50. Ra8 Kd5 51. b4 Rg8 52. a6 Kd6 53. a7 Ke7
54. Rb8 Rxf8 55. Rxf8 Kxf8 56. a8=Q+ Ke7 57. Qxc6 1-0

[Event "AUTO-INT-1715"]
[Site "http://www.queenalice.com/game.php?id=866806"]
[Date "2010.12.2"]
[Round "2"]
[White "Tal0n"]
[Black "kuroii"]
[Result "0-1"]
[WhiteElo "1719"]
[BlackElo "1597"]

1. e4 e5 2. Nf3 Nf6 3. Bc4 Nc6 4. Ng5 d5 5. exd5 Nxd5 6. Bb3 Qxg5 7. Bxd5 Qd8 8.
Qf3 f6 9. Bxc6+ bxc6 10. Qxc6+ Bd7 11. Qd5 c6 12. Qe4 Qb6 13. O-O Be6 14. b3 Bd6
15. Ba3 Bxa3 16. Nxa3 O-O 17. Nc4 Bxc4 18. Qxc4+ Kh8 19. a4 a5 20. c3 c5 21. g3
Rfd8 22. f4 Rxd2 23. fxe5 Qc6 24. e6 Qg2# 0-1

[Event "AUTO-INT-1715"]
[Site "http://www.queenalice.com/game.php?id=876004"]
[Date "2010.12.24"]
[Round "3"]
[White "rocha"]
[Black "kuroii"]
[Result "0-1"]
[WhiteElo "1623"]
[BlackElo "1690"]

1. e4 e5 2. a3 Nc6 3. c3 Nf6 4. d3 g6 5. h3 Bg7 6. f3 O-O 7. g4 Ne8 8. h4 b6 9.
Be3 d6 10. Ne2 a5 11. d4 Ba6 12. d5 Bxe2 13. Bxe2 Nb8 14. g5 c5 15. Bb5 Nc7 16.
a4 Nxb5 17. axb5 Qc7 18. c4 a4 19. Ra3 f6 20. Rxa4 Rxa4 21. Qxa4 f5 22. f4 exf4
23. Bxf4 Bxb2 24. O-O Bd4+ 25. Kg2 fxe4 26. Nd2 e3 27. Ne4 Qe7 28. Qc2 Nd7 29.
Bxd6 Qd8 30. Bxf8 Nxf8 31. Kf3 Qc8 32. Qg2 Nd7 33. Ke2 Qa8 34. Qg3 Qa2+ 35. Kf3
Qxc4 36. Qe1 Ne5+ 37. Kg3 Qxb5 38. Nf6+ Kg7 39. h5 h6 40. Kh4 Nd3 41. gxh6+ Kxh6
42. Qg3 Ne5 43. Qg5+ Kg7 44. h6+ Kh8 45. Qg1 e2 46. Nh5 exf1=Q 47. Qg3 Nf3+ 48.
Kg4 Qd7+ 49. Kf4 Qf5# 0-1

[Event "AUTO-INT-1715"]
[Site "http://www.queenalice.com/game.php?id=876005"]
[Date "2010.12.24"]
[Round "3"]
[White "kuroii"]
[Black "rocha"]
[Result "1-0"]
[WhiteElo "1703"]
[BlackElo "1592"]

1. e4 e5 2. Nf3 f6 3. Nc3 c6 4. g3 h6 5. Bg2 Ne7 6. O-O d6 7. d3 Be6 8. b3 Na6
9. Ba3 Ng6 10. d4 Bg4 11. d5 Qb6 12. Na4 Qc7 13. c4 c5 14. h3 Bd7 15. Nd2 b5 16.
cxb5 Bxb5 17. Qg4 Bxf1 18. Qxg6+ Ke7 19. Bxf1 Qc8 20. Nc4 Qc7 21. Ne3 Nb4 22.
Nf5+ Kd8 23. Bb5 Kc8 24. Qe8+ Kb7 25. Bc6+ Nxc6 26. dxc6+ Qxc6 27. Qf7+ Kc8 28.
Qxf8+ Rxf8 29. Ne7+ Kd7 30. Nxc6 Kxc6 31. Rd1 Rfd8 32. Nc3 Rd7 33. Nd5 Rad8 34.
b4 c4 35. Kg2 Rf7 36. g4 a6 37. f3 g6 38. Rc1 Kb5 39. Nc3+ Kc6 40. Na4 Rfd7 41.
Nc3 d5 42. exd5+ Kc7 43. Rd1 Rc8 44. b5 Kb6 45. Bc1 g5 46. Be3+ Ka5 47. a4 Kb4
48. Rc1 Re8 49. Ne4 Rxd5 50. Nxf6 axb5 51. Nxd5+ Kxa4 52. Nc7 Rc8 53. Bb6 Ka3
54. Ra1+ Kb3 55. Nxb5 c3 56. Nxc3 Rxc3 57. Re1 Rc6 58. Ba5 Kc2 59. Rxe5 Kd3 60.
Kg3 1-0